Sports Quiz

Random Sports Quiz

Formula 1: Red Bull Quiz Stats

 Plays Quiz not verified by Sporcle

Challenge
Share
Tweet
Embed
Score 0/22 Timer 10:00
0 Plays Today
Hint Answer % Correct
2009Sebastian Vettel
99.5%
2010Sebastian Vettel
99.5%
2011Sebastian Vettel
99.5%
2012Sebastian Vettel
99.5%
2013Sebastian Vettel
99.5%
2014Sebastian Vettel
99.5%
2007Mark Webber
98.6%
2008Mark Webber
98.6%
2009Mark Webber
98.6%
2010Mark Webber
98.6%
2011Mark Webber
98.6%
Hint Answer % Correct
2012Mark Webber
98.6%
2013Mark Webber
98.6%
2014Daniel Ricciardo
94%
2005David Coulthard
93%
2006David Coulthard
93%
2007David Coulthard
93%
2008David Coulthard
93%
2005Christian Klien
67%
2006Christian Klien
67%
2005Vitantonio Liuzzi
66%
2006Robert Doornbos
49.3%

You're not logged in!

Compare scores with friends on all Sporcle quizzes.
Join for Free
OR
Log In

You Might Also Like...

Show Comments

Extras

Created Mar 19, 2014ReportNominate
Tags:bull, formula, Formula 1, red, Red Bull

Top Quizzes Today


Score Distribution

Your Account Isn't Verified!

In order to create a playlist on Sporcle, you need to verify the email address you used during registration. Go to your Sporcle Settings to finish the process.

Report this User

Report this user for behavior that violates our Community Guidelines.

Details: